000 00372 a2200133 4500
001 87746
082 _aPR 123
090 _c41205
_d41205
100 _aAbid Karim, SGC 50059
245 _aDesign and development of voice command recognition system
260 _aRisalpur
_bNUST Risalpur
_c2010
300 _ax, 59p.
_eMohammad Asim, Sqn Ldr
500 _aBE Project Reports
942 _aCAE NUST
_kPR 123
999 _c322819
_d322819